Derechos de autor en Colombia

Bibliographic Details
Main Author: Charria Garca̕, Fernando
Format: eBook
Language:Spanish
Published: Bogot:̀ Editorial vLex, 2016
Subjects:
Online Access:Acceso restringido

MARC

LEADER 00000nam a22000007a 4500
005 20200206113522.0
007 cr|||| ||||
008 200206s2016 co |||||s|||| 00||0 spa d
035 |a 31075 
040 |a vLex 
090 |c 10127  |d 10127 
100 1 |a Charria Garca̕, Fernando 
245 1 0 |a Derechos de autor en Colombia  |h [Recurso electrn̤ico] /  |c Fernando Charria Garca̕ 
256 |a Servicio en ln̕ea 
260 |a Bogot:̀  |b Editorial vLex,  |c 2016 
300 |a 1 recurso electrn̤ico 
506 1 |a Disponible solo en los productos indicados  |d vLex Global  |d vLex Global (Academic Edition, excluding Law Schools)  |d vLex Global (U.S. Academic Edition, Law Schools)  |d vLex Global (U.S. Academic Edition, excluding Law Schools)  |d vLex Global (Academic Edition, Law Schools) 
650 0 4 |a Derecho Civil 
650 0 4 |a Propiedad Intelectual 
740 0 |a vLex Libros (Servicio en ln̕ea) 
856 4 0 |u http://vlex.com/source/derechos-de-autor-en-colombia-31075  |z Acceso restringido 
942 |c BOOK 
999 0 |a Civil Law 
999 0 |a Intellectual Property